[Event "Bogota Mayores Alcaldia op 8th"]
[Site "Bogota"]
[Date "2018.06.10"]
[Round "5"]
[White "Zambrano Vargas, Jesus Andres"]
[Black "Ramirez, Alexis"]
[Result "1/2-1/2"]
[WhiteElo "1535"]
[BlackElo "1735"]
[PlyCount "42"]
[EventDate "2018.06.08"]
[EventType "swiss"]
[EventRounds "7"]
[EventCountry "COL"]
[SourceTitle "CBM 184 Extra"]
[Source "ChessBase"]
[SourceDate "2018.06.28"]
[SourceVersion "1"]
[SourceVersionDate "2018.06.28"]
[SourceQuality "1"]

1. e4 e5 2. Nf3 Nc6 3. Bb5 a6 4. Ba4 Nf6 5. d3 Bc5 6. c3 d6 7. h3 0-0 8. 0-0 h6 9. Re1 Ba7 10. Nbd2 Be6 11. Nf1 Nh7 12. Be3 f5 13. Bxa7 Rxa7 14. Bb3 Qf6 15. exf5 Qxf5 16. Ne3 Qf7 17. Bxe6 Qxe6 18. d4 Qf6 19. Nd5 Qf7 20. dxe5 Nxe5 21. Nxe5 dxe5 1/2-1/2

[Event "COL-ch Amateur U2000"]
[Site "Bogota"]
[Date "2018.02.17"]
[Round "5.50"]
[White "Zuluaga, Nicolas"]
[Black "Ramirez, Alexis"]
[Result "1/2-1/2"]
[WhiteElo "1744"]
[BlackElo "1755"]
[PlyCount "163"]
[EventDate "2018.02.15"]
[EventType "swiss"]
[EventRounds "7"]
[EventCountry "COL"]
[SourceTitle "EXT 2024"]
[Source "ChessBase"]
[SourceDate "2023.10.10"]
[SourceVersion "1"]
[SourceVersionDate "2023.10.10"]
[SourceQuality "1"]

1. c4 e5 2. Nc3 Nf6 3. Nf3 Nc6 4. e4 Bb4 5. d3 d6 6. h3 a6 7. a3 Ba5 8. Bg5 Be6 9. b4 Bb6 10. Nd5 Bxd5 11. cxd5 Nd4 12. Rc1 a5 13. Nxd4 Bxd4 14. b5 Bc5 15. a4 h6 16. Bd2 0-0 17. Be2 c6 18. dxc6 bxc6 19. bxc6 Qb6 20. 0-0 Qxc6 21. Be3 Nd7 22. d4 exd4 23. Bxd4 Qxe4 24. Bxc5 Nxc5 25. Bf3 Qxa4 26. Qxa4 Nxa4 27. Bxa8 Rxa8 28. Rfd1 Ra6 29. Rd5 Kf8 30. Rb5 Nc5 31. Re1 f6 32. Rb8+ Kf7 33. Ree8 a4 34. Ra8 Rb6 35. f3 h5 36. Kf2 g5 37. Reb8 Rb3 38. Ke2 Ke6 39. Kd2 Ra3 40. Kc2 Ra2+ 41. Rb2 Ra1 42. Kc3 Ra3+ 43. Kc4 Ra1 44. Re8+ Kd7 45. Ree2 Kc6 46. Ra2 Rb1 47. Kc3 Rd1 48. Kc2 Rd4 49. Re8 g4 50. hxg4 hxg4 51. fxg4 Rxg4 52. Re2 f5 53. Ra1 Rc4+ 54. Kb2 d5 55. Rd1 Rb4+ 56. Ka2 Ne4 57. Rc2+ Kd6 58. Rdc1 Ke5 59. Rc7 Rd4 60. Ka3 Rd2 61. R1c2 Rd4 62. Ra7 Kf4 63. Rxa4 Rd3+ 64. Kb2 Ke3 65. Ra1 Kf4 66. Rf1+ Kg4 67. Kc1 d4 68. Rc8 Ra3 69. Rg8+ Ng5 70. Rd1 Ra4 71. Kd2 Ra2+ 72. Kd3 Rxg2 73. Kxd4 f4 74. Rf1 f3 75. Ke3 Re2+ 76. Kd3 Ra2 77. Ke3 Re2+ 78. Kd3 Ra2 79. Ke3 Re2+ 80. Kd3 Ra2 81. Rxg5+ Kxg5 82. Rxf3 1/2-1/2

[Event "Bogota Distrital-ch 78th"]
[Site "Bogota"]
[Date "2016.04.09"]
[Round "3"]
[White "Higarrero, Juan David"]
[Black "Ramirez, Alexis"]
[Result "0-1"]
[WhiteElo "1398"]
[BlackElo "1748"]
[PlyCount "38"]
[EventDate "2016.04.08"]
[EventType "swiss"]
[EventRounds "6"]
[EventCountry "COL"]
[SourceTitle "CBM 172 Extra"]
[Source "ChessBase"]
[SourceDate "2016.06.21"]
[SourceVersion "1"]
[SourceVersionDate "2016.06.21"]
[SourceQuality "1"]

1. d4 e6 2. c4 c5 3. Nf3 Nf6 4. Nc3 Be7 5. e4 d6 6. e5 dxe5 7. dxe5 Qxd1+ 8. Nxd1 Nfd7 9. Bd2 Nc6 10. Bc3 Bd8 11. Bd3 Bc7 12. 0-0 Ndxe5 13. Nxe5 Nxe5 14. Bc2 0-0 15. Re1 Nxc4 16. Ne3 Ne5 17. g3 Nf3+ 18. Kg2 Nxe1+ 19. Rxe1 b6 0-1

[Event "COL-ch Physically limited"]
[Site "Barranquilla"]
[Date "2015.11.30"]
[Round "6.10"]
[White "Ramirez, Alexis"]
[Black "Mora Rios, Angel"]
[Result "1-0"]
[WhiteElo "1735"]
[BlackElo "1664"]
[PlyCount "107"]
[EventDate "2015.11.28"]
[EventType "swiss"]
[EventRounds "7"]
[EventCountry "COL"]
[SourceTitle "EXT 2024"]
[Source "ChessBase"]
[SourceDate "2023.10.10"]
[SourceVersion "1"]
[SourceVersionDate "2023.10.10"]
[SourceQuality "1"]

1. e4 e5 2. Nf3 Nc6 3. Bc4 Nge7 4. Nc3 d5 5. exd5 Na5 6. Bb5+ c6 7. dxc6 bxc6 8. Ba4 f6 9. d4 Ng6 10. 0-0 Bd6 11. h3 Bb7 12. d5 0-0 13. dxc6 Nxc6 14. Qd5+ Kh8 15. Bxc6 Bxc6 16. Qxc6 Rc8 17. Qb7 Qa5 18. Be3 Rc7 19. Qd5 Qxd5 20. Nxd5 Rxc2 21. Rab1 Rb8 22. Bxa7 Rcxb2 23. Rxb2 Rxb2 24. Ra1 e4 25. Nd4 Nf4 26. Nxf4 Bxf4 27. Nf5 h6 28. Ne3 Be5 29. Nc4 Rb5 30. Nxe5 Rxe5 31. a4 f5 32. Kf1 g5 33. Ke2 Kg7 34. Ke3 Kf6 35. h4 Ke6 36. h5 Kd5 37. Bb6 Kc4 38. a5 Re8 39. a6 Ra8 40. a7 Kc3 41. Rc1+ Kb4 42. Rc6 Rd8 43. Rxh6 Re8 44. Rf6 f4+ 45. Ke2 f3+ 46. gxf3 exf3+ 47. Kxf3 Ra8 48. h6 Re8 49. h7 Rh8 50. Bd4 Kc4 51. Ke3 Ra8 52. Rd6 Re8+ 53. Kd2 g4 54. h8Q 1-0

[Event "COL-ch Physically limited"]
[Site "Barranquilla"]
[Date "2015.11.29"]
[Round "4.9"]
[White "Ramirez, Alexis"]
[Black "Castro Torres, Fernando"]
[Result "1-0"]
[WhiteElo "1735"]
[BlackElo "1688"]
[PlyCount "45"]
[EventDate "2015.11.28"]
[EventType "swiss"]
[EventRounds "7"]
[EventCountry "COL"]
[SourceTitle "EXT 2024"]
[Source "ChessBase"]
[SourceDate "2023.10.10"]
[SourceVersion "1"]
[SourceVersionDate "2023.10.10"]
[SourceQuality "1"]

1. e4 e5 2. Nf3 Nc6 3. Bb5 a6 4. Ba4 Nf6 5. 0-0 Be7 6. c3 b5 7. Bc2 d6 8. h3 0-0 9. Re1 Ne8 10. d4 Bf6 11. Be3 Bb7 12. Nbd2 g6 13. Nf1 Ng7 14. Ng3 Qe7 15. Qd2 Na5 16. b3 Nc6 17. Nh2 Ne8 18. Ng4 Bg7 19. Nh6+ Kh8 20. Rad1 Nf6 21. Bg5 Qe8 22. f4 Bxh6 23. Bxh6 1-0

[Event "COL-ch Physically limited"]
[Site "Barranquilla"]
[Date "2015.11.29"]
[Round "3.17"]
[White "Ramirez, Alexis"]
[Black "Gutierrez Pinzon, Cristian Gustavo"]
[Result "1-0"]
[WhiteElo "1735"]
[BlackElo "1949"]
[PlyCount "78"]
[EventDate "2015.11.28"]
[EventType "swiss"]
[EventRounds "7"]
[EventCountry "COL"]
[SourceTitle "EXT 2024"]
[Source "ChessBase"]
[SourceDate "2023.10.10"]
[SourceVersion "1"]
[SourceVersionDate "2023.10.10"]
[SourceQuality "1"]

1. Nf3 c6 2. e4 d5 3. e5 Bf5 4. d4 e6 5. Bd3 Ne7 6. Nc3 Nd7 7. 0-0 Bxd3 8. Qxd3 Nf5 9. Ne2 Be7 10. Ng3 Nxg3 11. hxg3 0-0 12. Bf4 c5 13. c3 Rc8 14. Rac1 a6 15. a3 c4 16. Qc2 b5 17. g4 a5 18. g5 b4 19. axb4 axb4 20. g3 bxc3 21. bxc3 Re8 22. Kg2 Rb8 23. Rh1 Nf8 24. Rh3 Rb3 25. Rch1 g6 26. Qc1 Qa5 27. Bd2 Reb8 28. Qg1 Rb1 29. Ne1 R8b2 30. Be3 Qxc3 31. g4 Rxe1 32. Qxe1 Qxe1 33. Rxe1 Bb4 34. Ra1 Bd2 35. Kf3 Kg7 36. Rhh1 Nd7 37. Rab1 Bxe3 38. fxe3 Rxb1 39. Rxb1 h6 1-0

[Event "COL-chT Cup"]
[Site "Bogota"]
[Date "2015.06.08"]
[Round "6.2"]
[White "Torres Rojas, Yuber Andres"]
[Black "Ramirez, Alexis"]
[Result "1-0"]
[WhiteElo "2000"]
[BlackElo "1697"]
[PlyCount "31"]
[EventDate "2015.06.06"]
[EventType "team-swiss"]
[EventRounds "6"]
[EventCountry "COL"]
[SourceTitle "CBM 166 Extra"]
[Source "ChessBase"]
[SourceDate "2015.06.18"]
[SourceVersion "1"]
[SourceVersionDate "2015.06.18"]
[SourceQuality "1"]
[WhiteTeam "Shabaku Cun"]
[BlackTeam "Paralimpica Cun"]
[WhiteTeamCountry "COL"]
[BlackTeamCountry "COL"]

1. e4 e5 2. Nf3 Nc6 3. Bc4 Bc5 4. Nc3 Nf6 5. d3 d6 6. Bg5 Na5 7. Bb3 Nxb3 8. axb3 c6 9. h3 h6 10. Bh4 0-0 11. Na4 Bb6 12. Bxf6 gxf6 13. Nxb6 Qxb6 14. Nh4 Kh7 15. Qh5 Qc7 16. f4 1-0

[Event "COL-chT Cup"]
[Site "Bogota"]
[Date "2015.06.06"]
[Round "1.3"]
[White "Ramirez, Alexis"]
[Black "Ossa, Orlando Jose"]
[Result "0-1"]
[WhiteElo "1697"]
[BlackElo "2255"]
[PlyCount "86"]
[EventDate "2015.06.06"]
[EventType "team-swiss"]
[EventRounds "6"]
[EventCountry "COL"]
[SourceTitle "CBM 166 Extra"]
[Source "ChessBase"]
[SourceDate "2015.06.18"]
[SourceVersion "1"]
[SourceVersionDate "2015.06.18"]
[SourceQuality "1"]
[WhiteTeam "Paralimpica Cun"]
[BlackTeam "Valle"]
[WhiteTeamCountry "COL"]
[BlackTeamCountry "COL"]

1. e4 d5 2. exd5 Nf6 3. d4 Nxd5 4. c4 Nf6 5. Nc3 g6 6. Bf4 Bg7 7. Nf3 0-0 8. Bd3 Bg4 9. Be2 c6 10. h3 Bf5 11. Bd3 Qa5 12. 0-0 Nbd7 13. Rb1 Bxd3 14. Qxd3 Rad8 15. b4 Qh5 16. Ne2 Qf5 17. Rfd1 Qxd3 18. Rxd3 Nb6 19. Rc1 Nfd7 20. Bc7 Rc8 21. Bf4 Rfe8 22. Ra3 Ra8 23. Re3 a5 24. a3 axb4 25. axb4 Ra4 26. Rb3 Rea8 27. Kh2 Ra1 28. Rc2 R8a2 29. Rbc3 e6 30. Nc1 Rxc2 31. Rxc2 Rb1 32. Nd3 Rb3 33. Nc5 Rxb4 34. Nxb7 Rxc4 35. Rxc4 Nxc4 36. Nd8 e5 37. dxe5 Ndxe5 38. Ng5 Bf6 39. Nb7 Nd3 40. Ne4 Bd4 41. Bg3 f5 42. Ned6 Nd2 43. f3 Nf1+ 0-1

[Event "Bogota Distrital-ch 77th"]
[Site "Bogota"]
[Date "2015.05.02"]
[Round "4"]
[White "Gaitan Bautista, Oscar"]
[Black "Ramirez, Alexis"]
[Result "1-0"]
[WhiteElo "1798"]
[BlackElo "1719"]
[PlyCount "77"]
[EventDate "2015.04.30"]
[EventType "swiss"]
[EventRounds "7"]
[EventCountry "COL"]
[SourceTitle "CBM 166 Extra"]
[Source "ChessBase"]
[SourceDate "2015.06.18"]
[SourceVersion "1"]
[SourceVersionDate "2015.06.18"]
[SourceQuality "1"]

1. e4 e5 2. Nf3 Nc6 3. Nc3 Nf6 4. d4 exd4 5. Nxd4 Bc5 6. Be3 Bb6 7. Bc4 d6 8. Nxc6 bxc6 9. Bxb6 cxb6 10. Qd2 b5 11. Bb3 b4 12. Ne2 Nxe4 13. Qxb4 Qe7 14. 0-0 0-0 15. Rfe1 c5 16. Qa5 Qf6 17. f3 Ng5 18. Nc3 Rd8 19. Rad1 Bb7 20. Bd5 Bxd5 21. Rxd5 Ne6 22. Red1 Nd4 23. Qc7 Rac8 24. Qxa7 Nxc2 25. Ne4 Qf4 26. Rxd6 Rxd6 27. Nxd6 Rf8 28. Ne4 Qe3+ 29. Kf1 Qf4 30. Rd2 Ne3+ 31. Kg1 Ng4 32. Qxc5 Qxh2+ 33. Kf1 Qh1+ 34. Qg1 Qxg1+ 35. Kxg1 Ne5 36. Kf2 Re8 37. a4 Nc4 38. Rc2 Nb6 39. a5 1-0

[Event "COL-ch Physically limited"]
[Site "Barranquilla"]
[Date "2014.09.13"]
[Round "5.3"]
[White "Ramirez, Alexis"]
[Black "Mora Rios, Angel"]
[Result "1-0"]
[WhiteElo "1719"]
[BlackElo "1658"]
[PlyCount "51"]
[EventDate "2014.09.12"]
[EventType "swiss"]
[EventRounds "5"]
[EventCountry "COL"]
[SourceTitle "EXT 2024"]
[Source "ChessBase"]
[SourceDate "2023.10.10"]
[SourceVersion "1"]
[SourceVersionDate "2023.10.10"]
[SourceQuality "1"]

1. c4 Nf6 2. d4 d5 3. Nf3 c6 4. e3 Nbd7 5. Nc3 g6 6. Bd3 Bg7 7. h3 Qc7 8. Bd2 a6 9. Rc1 0-0 10. cxd5 Re8 11. 0-0 Nb6 12. e4 Qd7 13. Ne5 Qc7 14. Qb3 e6 15. d6 Qxd6 16. Qxb6 Nd7 17. Nxd7 Qxd7 18. e5 a5 19. a4 Ra6 20. Bxa6 bxa6 21. Ne4 Rd8 22. Rxc6 Bb7 23. Rd6 Qe7 24. Qxd8+ Qxd8 25. Rxd8+ Bf8 26. Bh6 1-0

[Event "COL-ch Physically limited"]
[Site "Barranquilla"]
[Date "2014.09.12"]
[Round "3.4"]
[White "Ramirez, Alexis"]
[Black "Guerrero Rodriguez, Alfonso"]
[Result "1-0"]
[WhiteElo "1719"]
[BlackElo "1558"]
[PlyCount "64"]
[EventDate "2014.09.12"]
[EventType "swiss"]
[EventRounds "5"]
[EventCountry "COL"]
[SourceTitle "EXT 2024"]
[Source "ChessBase"]
[SourceDate "2023.10.10"]
[SourceVersion "1"]
[SourceVersionDate "2023.10.10"]
[SourceQuality "1"]

1. e4 e5 2. Nf3 d6 3. Bc4 Be7 4. Nc3 Bg4 5. d3 Nf6 6. h3 Bh5 7. Bg5 h6 8. Be3 a6 9. a3 Nc6 10. g4 Bg6 11. Nh4 Qd7 12. Nxg6 fxg6 13. Qe2 g5 14. f3 Nd4 15. Qf2 c5 16. Nd5 Nxd5 17. Bxd5 Rf8 18. Bxd4 cxd4 19. 0-0 Rc8 20. Kg2 Qc7 21. Rfc1 Kd7 22. c3 Qb6 23. Rc2 Bf6 24. Rac1 Qa7 25. cxd4 exd4 26. Rxc8 Rxc8 27. Be6+ Kxe6 28. Rxc8 Qb6 29. Qc2 a5 30. Rc7 Qb5 31. b4 b6 32. Qb3+ d5 1-0

[Event "Bogota-ch sf"]
[Site "Bogota"]
[Date "2014.03.24"]
[Round "7"]
[White "Jimenez, Joseph"]
[Black "Ramirez, Alexis"]
[Result "1-0"]
[WhiteElo "1614"]
[BlackElo "1732"]
[PlyCount "59"]
[EventDate "2014.03.21"]
[EventType "swiss"]
[EventRounds "7"]
[EventCountry "COL"]
[SourceTitle "CBM 159 Extra"]
[Source "ChessBase"]
[SourceDate "2014.04.24"]
[SourceVersion "1"]
[SourceVersionDate "2014.04.24"]
[SourceQuality "1"]

1. d4 d5 2. c4 Nf6 3. Nc3 e6 4. Bf4 c6 5. e3 Bd6 6. Bxd6 Qxd6 7. c5 Qc7 8. Nf3 Nbd7 9. Bd3 0-0 10. 0-0 Re8 11. Re1 e5 12. Bc2 e4 13. Nd2 Nf8 14. f3 Ng6 15. fxe4 dxe4 16. Ncxe4 Ng4 17. Nf3 f5 18. Bb3+ Kh8 19. Nd6 Nxe3 20. Nxe8 Qf4 21. Qe2 Ng4 22. Nc7 h5 23. Nxa8 Bd7 24. Bf7 Nh4 25. h3 Nxf3+ 26. gxf3 Qxd4+ 27. Kg2 Nf6 28. Rad1 Qf4 29. Rxd7 Qg5+ 30. Kf1 1-0

[Event "Bogota Region-ch Amateur"]
[Site "Bogota"]
[Date "2012.03.04"]
[Round "6.14"]
[White "Ramirez, Alexis"]
[Black "Manrique, Fernando"]
[Result "1-0"]
[WhiteElo "1626"]
[BlackElo "1975"]
[PlyCount "47"]
[EventDate "2012.03.01"]
[EventType "swiss"]
[EventRounds "7"]
[EventCountry "COL"]
[SourceTitle "EXT 2024"]
[Source "ChessBase"]
[SourceDate "2023.10.10"]
[SourceVersion "1"]
[SourceVersionDate "2023.10.10"]
[SourceQuality "1"]

1. e4 e5 2. Nf3 Nc6 3. Bc4 Bc5 4. Nc3 Nf6 5. d3 d6 6. Bg5 h6 7. Be3 Bxe3 8. fxe3 Na5 9. Bb3 Nxb3 10. axb3 c6 11. 0-0 0-0 12. h3 Qe7 13. Qe2 Nh5 14. Qf2 f5 15. Nh4 fxe4 16. Qxf8+ Qxf8 17. Rxf8+ Kxf8 18. Nxe4 Ke7 19. Rf1 Be6 20. Ng6+ Kd7 21. g4 Nf6 22. Nxf6+ gxf6 23. Rxf6 Rg8 24. Nf8+ 1-0

[Event "Barranquilla Physically limited"]
[Site "Barranquilla"]
[Date "2011.06.25"]
[Round "1.3"]
[White "Buitrago, Bernardo"]
[Black "Ramirez, Alexis"]
[Result "1-0"]
[WhiteElo "1763"]
[BlackElo "1614"]
[PlyCount "30"]
[EventDate "2011.06.25"]
[EventType "swiss"]
[EventRounds "5"]
[EventCountry "COL"]
[SourceTitle "EXT 2024"]
[Source "ChessBase"]
[SourceDate "2023.10.10"]
[SourceVersion "1"]
[SourceVersionDate "2023.10.10"]
[SourceQuality "1"]

1. e4 c5 2. c3 Nc6 3. Nf3 d6 4. Be2 Nf6 5. d3 Bg4 6. Be3 e6 7. 0-0 Be7 8. Ne1 Ne5 9. f4 Bxe2 10. Qxe2 Neg4 11. h3 Nxe3 12. Qxe3 Qc7 13. Nd2 d5 14. e5 d4 15. Qf3 Nd7 1-0